00217nam a22000977a 4500008004100000041000800041080001300049100000600062101000800068245004300076190306b xxu||||| |||| 00| 0 eng d aeng 27tha616 a8 aPAT aSynopsis of PathologycAnderson, W.A.D